000
00301nam a22001337a 4500
008
210303b ||||| |||| 00| 0 eng d
020
_a
9781256944676
041
_a
eng
080
_2
6th
_a
33
100
_a
58
101
_a
BIZ
245
_a
Business and Its Environment
_c
Baron,P.D
942
_2
udc
_c
BK
999
_c
55663
_d
55663